| 000 | 00673nam a2200193Ia 4500 | ||
|---|---|---|---|
| 020 | _a0745313280(hb) | ||
| 082 |
_a958.1045 _bCOO |
||
| 100 |
_aCooley- John K. _946562 |
||
| 245 |
_aUnholy wars _bAfghanistan- America and international terrorism |
||
| 260 |
_aLondon _bPluto Press _c1999 |
||
| 300 | _a276p | ||
| 526 |
_a0 _b0 _c0 _d958_104500000000000_COO |
||
| 650 |
_aAfghanistan -- Foreign Relations -- United States _946563 |
||
| 650 |
_aEspionage- American -- Islamic Countries _946564 |
||
| 650 | _aTerrorism | ||
| 650 |
_aUnited States -- Foreign Relations -- Afghanistan _946565 |
||
| 650 |
_aUnited States. Central Intelligence Agency _946566 |
||
| 942 |
_2ddc _cBK |
||
| 999 |
_c549875 _d549875 |
||